000 00723nam a2200253Ia 4500
003 OSt
005 20220928130147.0
006 a|||||r|||| 00| 0
007 ta
008 220927b |||||||| |||| 00| 0 eng d
020 _cUSD 99.95
024 _a133613
037 _b174, 14/03/2017, N.R.Book Distributors
_cTextual
040 _aSDCL
_cSDCL
_beng
041 _2eng
_aeng
082 _aS:437, Q4
100 _aRudy Jerry W.
245 0 _aNeurobiology of learning and memory
260 _aSunderland
_bSinauer
_c2014
300 _axx,435p.
_ccm.
650 _aBiophysics
942 _hS:437, Q4
_cTEXL
_2CC
999 _c785507
_d785507